000 00589nam a2200181Ia 4500
005 20250508163639.0
008 008 250505s9999 xx 000 0 eng d
037 _aTextual
040 _aFEDL
_beng
_cFEDL
041 _aeng
_2eng
084 _a379.11, SIN
_qFEDL
100 _aRajender Prasad Singh
_9775880
245 0 _aEducational finance and the planning challenge : A critical approach to sectoral strategy
260 _aNew Delhi, India
_bKanishaka Publishers, Distributors
_c1997
300 _a320p.
942 _cTEXL
_h379.11, SIN
999 _c1384510
_d1384510